000 00325pam a2200145 a 4500
020 _c
041 _aeng
082 _a576.6482
_bHAY
100 _aHayes W.,.
245 _aGenetics Of Bacteria And Their Viruses
_hTextual Documents
250 _a1984.
260 _aNew Delhi:
_bCBS Pub.
300 _a925p.
930 _a3423
999 _c80343
_d80343